Chansons de Bad Bunny - Album DeBÍ TiRAR MáS FOToS - Statistiques

Statistiques générales
  • Ce quiz a été pris 5 fois
  • Le résultat moyen est 8 sur 17
Statistiques - réponses
Ordre dans l'album Chansons % Correct
03 BAILE INoLVIDABLE
80%
16 DtMF
80%
01 NUEVAYoL
80%
12 CAFé CON RON
60%
15 EoO
60%
17 LA MuDANZA
60%
14 LO QUE LE PASO A HAWAii
60%
04 PERFuMITO NUEVO
60%
09 BOKeTE
40%
08 KETU TeCRE
40%
10 KLOuFRENS
40%
06 VeLDA
40%
05 WELTiTA
40%
07 EL CLuB
20%
13 PIToRRO DE COCO
20%
11 TURiSTA
20%
02 VOY A LLeVARTE PA PR
20%
Aucun quiz correspondant
Distribution des résultats
% des personnes avec chaque résultat
Percentile par nombre de réponses
Votre historique - résultats
Vous n’avez pas pris ce quiz